Media education / (Record no. 122676)

MARC details
000 -LEADER
fixed length control field 00712nam a22002537a 4500
005 - DATE AND TIME OF LATEST TRANSACTION
control field 20170124105914.0
010 ## - LIBRARY OF CONGRESS CONTROL NUMBER
LC control number B-017741
020 ## - INTERNATIONAL STANDARD BOOK NUMBER
Terms of availability 00
International Standard Book Number 8176482188
035 ## - SYSTEM CONTROL NUMBER
System control number B-017741
037 ## - SOURCE OF ACQUISITION
Source of stock number/acquisition Cen Lib/Ret
040 ## - CATALOGING SOURCE
Original cataloging agency DPL
Language of cataloging EN
082 ## - DEWEY DECIMAL CLASSIFICATION NUMBER
Classification number 371.333
Item number RAO
100 ## - MAIN ENTRY--PERSONAL NAME
Personal name Rao, V. K.
9 (RLIN) 1596
245 ## - TITLE STATEMENT
Title Media education /
Statement of responsibility, etc by V. K. Rao
246 ## - VARYING FORM OF TITLE
Remainder of title
260 ## - PUBLICATION, DISTRIBUTION, ETC. (IMPRINT)
Name of publisher, distributor, etc A. P. H. Publishingh Corporation
Date of publication, distribution, etc 2001
Place of publication, distribution, etc New Delhi
270 ## - ADDRESS
Address 5, Ansari Road, Dariya Ganj
City New Delhi
Postal code 110002
300 ## - PHYSICAL DESCRIPTION
Extent vi, 282p.
Dimensions 21cm(Hb)
490 ## - SERIES STATEMENT
Series statement
500 ## - GENERAL NOTE
General note includes index
650 ## - SUBJECT ADDED ENTRY--TOPICAL TERM
Topical term or geographic name as entry element Higher Educations
9 (RLIN) 111340
650 ## - SUBJECT ADDED ENTRY--TOPICAL TERM
Topical term or geographic name as entry element Technological Developments
9 (RLIN) 1598
942 ## - ADDED ENTRY ELEMENTS (KOHA)
Source of classification or shelving scheme Dewey Decimal Classification
Koha item type English Books
Classification part 371.333
Call number suffix RAO
Holdings
Withdrawn status Lost status Damaged status Not for loan Collection code Home library Current library Date acquired Source of acquisition Cost, normal purchase price Total Checkouts Full call number Barcode Date last seen Copy number Cost, replacement price Price effective from Koha item type
      Not For Loan Reference Central Library Central Library 29/05/2015 Cen Lib/Ret 0.00   371.333 RAO B-017741 29/05/2015 1 0.00 15/09/2016 English Books

© Delhi Public Library
Hit Counter
free hit counter